000 00361nam a2200157Ia 4500
003 Ost
005 20260225132558.0
008 260225s9999||||xx |||||||||||||| ||und||
040 _cfsic
041 _afre
082 _a302.23
100 _aMichel Mathien
_eAuteur
245 0 _aéconomie generale des médias /
245 0 _cMichel Mathien
942 _cكتاب
999 _c34568
_d34568